| 000 | 00878ntm a22002297a 4500 | ||
|---|---|---|---|
| 005 | 20170827121903.0 | ||
| 008 | 170802s2013 xx a frb 000 0 eng d | ||
| 040 |
_aEG-ScBUE _beng _cEG-ScBUE |
||
| 082 | 0 | 4 |
_a621 _bHAF _222 |
| 100 | 1 | _aHafez, Mohamed Gamal. | |
| 245 | 1 | 2 |
_aA hybrid localisation technique for material handling applications utilising autonomous guided vehicles / _cMohamed Gamal Hafez. |
| 260 | _c2013. | ||
| 300 |
_aix, 85 p. : _bill. (col.) ; _c28 cm. |
||
| 500 | _aA dissertation submitted to the faculty of engineering, The British University in Egypt, in partial fulfillment of the research project assessment. | ||
| 590 | _aMai Allam. | ||
| 650 | 7 |
_2BUEsh _aMechanical Engineering. _vProjects |
|
| 653 |
_bENGMEC _cAugust2017 |
||
| 655 | _vProjects - Students | ||
| 700 | 1 |
_aAbbas, Ayman Salah, _eths. |
|
| 777 | _AProjects - Students | ||
| 942 | _2ddc | ||
| 999 |
_c25443 _d25415 |
||